Iran : U.S. Concerns and Policy Responses.

Reviews U.S. threat assessments and concerns regarding Iran. Examines Iran's internal political situation and regime stability, human rights and religious freedom, strategic capabilities and weapons of mass destruction programs, and foreign policy and support for terrorist groups. Discusses U.S...

Full description

Bibliographic Details
Corporate Authors: Library of Congress. Congressional Research Service, ProQuest (Firm)
Format: eBook
Language:English
Published: [Place of publication not identified] : [publisher not identified], 2007.
Series:U.S. Congressional Research.
Subjects:
Online Access:Connect to the full text of this electronic book

MARC

Tag First Indicator Second Indicator Subfields
LEADER 00000cam a22000001a 4500
001 in00003334883
006 m d f
007 cr bn mmmapmmp
008 101214s2007 dcu o f000 0 eng d
005 20260501144256.0
035 |a cis2007860137 
040 |a ProQuest  |c ProQuest  |d UtOrBLW 
043 |a n-us--- 
099 |a CRS-2007-FDT-0910 
110 2 |a Library of Congress.  |b Congressional Research Service. 
245 1 0 |a Iran :  |b U.S. Concerns and Policy Responses. 
264 1 |a [Place of publication not identified] :  |b [publisher not identified],  |c 2007. 
300 |a 1 online resource. 
336 |a text  |b txt  |2 rdacontent 
337 |a computer  |b c  |2 rdamedia 
338 |a online resource  |b cr  |2 rdacarrier 
500 |a Record is based on bibliographic data in ProQuest U.S. Congressional Research Digital Collection (last viewed Dec. 2010). Reuse except for individual research requires license from ProQuest, LLC. 
500 |a CRS Report. 
520 |a Reviews U.S. threat assessments and concerns regarding Iran. Examines Iran's internal political situation and regime stability, human rights and religious freedom, strategic capabilities and weapons of mass destruction programs, and foreign policy and support for terrorist groups. Discusses U.S. policy responses, including economic sanctions and multilateral policies. 
500 |a Electronic resource. 
650 0 |a International relations. 
650 0 |a Human rights. 
651 0 |a Iran. 
655 7 |a Electronic books.  |2 local 
710 2 |a ProQuest (Firm) 
776 0 8 |i Microfiche version:   |a Library of Congress. Congressional Research Service.  |t Iran 
830 0 |a U.S. Congressional Research. 
856 4 0 |u http://proxy.library.tamu.edu/login?url=https://congressional.proquest.com/congcomp/getdoc?CRDC-ID=CRS-2007-FDT-0910  |z Connect to the full text of this electronic book  |t 0 
999 |a MARS 
999 f f |s 1ce7db80-4e18-3a27-8dbd-8d95185713b2  |i f404af49-578f-3aa7-881a-142185cddcb1  |t 0 
952 f f |a Texas A&M University  |b College Station  |c Electronic Resources  |s www_evans  |d Available Online  |t 0  |e CRS-2007-FDT-0910  |h Other scheme 
998 f f |a CRS-2007-FDT-0910  |t 0  |l Available Online